Los Molinos de la Mente: Conversaciones con Investigadores en Psicología /

Contenido: Antecedentes de la Psicología Moderna; El Crecimiento de la Psicología Cognitiva: Psicología del Desarrollo; Percepción Visual e Ilusiones; Inteligencia Artificial y Estrategias de la Investigación Psicológica; La Imaginería y el Lenguaje del Pensamiento; Nociones de la Mente Inconsciente...

Deskribapen osoa

Gorde:
Xehetasun bibliografikoak
Egile nagusia: Miller, Jonathan (comp.)
Formatua: Liburua
Hizkuntza:gaztelania
Argitaratua: México : Fondo de Cultura Económica, 1986
Gaiak:
Etiketak: Etiketa erantsi
Etiketarik gabe, Izan zaitez lehena erregistro honi etiketa jartzen!

MARC

LEADER 00000nam^a2200000^a^4500
001 000022280
005 20250521000000.0
009 20260310084449.892
020 |a 968-16-2298-7 
037 |a Acervo ITESO - Biblioteca 
041 |a ESP 
082 |a 150.  |b MIL 
100 |a Miller, Jonathan  |e (comp.) 
245 1 4 |a Los Molinos de la Mente: Conversaciones con Investigadores en Psicología /  |c J. Miller (Comp.); tr. por: Sergio Fernández Everest. 
264 1 |a México :  |b Fondo de Cultura Económica,  |c 1986 
300 |a 368 p. 
336 |a texto  |b txt  |2 rdacontenido 
337 |a sin mediación  |b n  |2 rdamedio 
338 |a volumen  |b nc  |2 rdasoporte 
500 |a Traducción de: States of Mind 
520 |a Contenido: Antecedentes de la Psicología Moderna; El Crecimiento de la Psicología Cognitiva: Psicología del Desarrollo; Percepción Visual e Ilusiones; Inteligencia Artificial y Estrategias de la Investigación Psicológica; La Imaginería y el Lenguaje del Pensamiento; Nociones de la Mente Inconsciente; La Organización del Cerebro Viviente; La Naturaleza de la Emoción; Un Análisis de la Actividad Social; El Estudio de las Relaciones Interpersonales; Nociones del Pensamiento Primitivo; Aspectos Psicológicos de las Artes Visuales; La Psicología Freudiana y sus Implicaciones; Análisis Kleiniano; Objeciones a la Psiquiatría. 
649 |a XX 
650 |a Psicología 
650 |a Psicólogos 
910 |a Fondo General 
920 |a Impresos - Libros 
930 |a Colección General 
905 |a 101 
901 |a 0222800100  |b IT1  |c ACC  |i 022280  |u 20250521 
902 |a https://opac.biblio.iteso.mx/vufind/Record/000022280